Vrah ste nevinný!

Bibliographic Details
Main Author: Branko, Pavel, 1921-2020 (Author)
Format: Article
Language:Slovak

MARC

LEADER 00000nab a2200000uu 4500
001 vtls011506119
003 SK-MaSNL
005 20260304030233.0
008 250310|1963 xo |||||||||||||||||slo|
015 |a SNBRB 
035 |a (urnnbn)urn:nbn:sk:snk:ar-a0ap8e 
035 |a (uuid)c94c74f4-4c73-4891-af02-093843805909 
035 |a urn:nbn:sk:snk-abdzdm 
040 |a SNKBUCL  |b slo  |c SNKBUCL  |e AACR2 
041 0 |a slo 
044 |a xo  |c SK 
100 1 |a Branko, Pavel,  |d 1921-2020  |4 aut  |9 85497 
245 1 0 |a Vrah ste nevinný!  |c Pavol Branko 
773 0 |t Zlatý máj : kritická revue tvorby pro mládež  |g Roč. 7, č. 11 (1963), s. 486-492 
958 |a OND 
958 |a article20 
999 |c 2632801  |d 2634731